000 00628cab a2200229 4500
001 WB3507-01
008 090401t1999 xxu||||| |||| 00| 0 eng d
035 _a(Sirsi) u91398
041 _aeng
245 _aCode on forged art
260 _c1999
350 _a0
490 _aIndependent
_v17 February 1999, 2(1)
520 _aThe government is to issue a code to protect buyers who mistakenly purchase forged or stolen works of art.
650 _aART THEFT
650 _aDUE DILIGENCE CODE
650 _aFINE ART
650 _aSTOLEN ART
690 _aArts and antiques
_96217
942 _n0
948 _c17/02/1999
999 _c58019
_d58019